FIFA World Cup 2026 Coat of Arms - Statistics

General Stats
  • This quiz has been taken 8 times
  • The average score is 42 of 48
Answer Stats
Picture Answer % Correct
Argentina
100%
Australia
100%
Brazil
100%
Croatia
100%
England
100%
France
100%
Germany
100%
Iran
100%
Iraq
100%
Mexico
100%
Portugal
100%
Qatar
100%
Scotland
100%
South Korea
100%
Switzerland
100%
Turkey
100%
United States
100%
Uruguay
100%
Algeria
88%
Austria
88%
Belgium
88%
Bosnia and Herzegovina
88%
Curacao
88%
DR Congo
88%
Ecuador
88%
Ghana
88%
Ivory Coast
88%
Japan
88%
Netherlands
88%
New Zealand
88%
Norway
88%
Saudi Arabia
88%
Spain
88%
Tunisia
88%
Uzbekistan
88%
Canada
75%
Colombia
75%
Egypt
75%
Haiti
75%
Morocco
75%
Panama
75%
Sweden
75%
Cape verde
63%
Czechia
63%
Paraguay
63%
Senegal
63%
South Africa
63%
Jordan
50%
No matching quizzes found
Score Distribution
Percent of People with Each Score
Percentile by Number Answered
Your Score History
You have not taken this quiz